Подписание акта о безоговорочной капитуляции германских вооруженных сил. Акт о военной капитуляции (Запись № 13290098)

Подробности
000 -МАРКЕР
контрольное поле 04207nkm0a2200529 4500
001 - ИДЕНТИФИКАТОР ЗАПИСИ
контрольное поле RU\NLR\bibl\2084823
005 - ИДЕНТИФИКАТОР ВЕРСИИ
контрольное поле 20260503052631.0
020 ## - НОМЕР ДОКУМЕНТА В НАЦИОНАЛЬНОЙ БИБЛИОГРАФИИ
Код страны Российская Федерация
Номер 525
Основное заглавие издания Российской книжной палаты ЛЕНИНГРАД В ВЕЛИКОЙ ОТЕЧЕСТВЕННОЙ ВОЙНЕ: Печать Ленинграда, 1941 - 1945: каталог изданий, хранящихся в фондах Государственной Публичной библиотеки, вып.2. Листовки,плакаты,открытки,альбомы/Гос.публ.б-ка им.М.Е.Салтыкова-Щедрина. - Ленинград,1972
035 ## - ДРУГИЕ СИСТЕМНЫЕ НОМЕРА
Идентификатор записи (NLR Aleph) 010001311
100 ## - ДАННЫЕ ОБЩЕЙ ОБРАБОТКИ
Данные общей обработки 20131030j1945 u y0rusy50 ca
101 0# - ЯЗЫК РЕСУРСА
Язык текста, звукозаписи и т.д. русский
102 ## - СТРАНА ПУБЛИКАЦИИ ИЛИ ПРОИЗВОДСТВА
Страна публикации Российская Федерация
105 ## - ПОЛЕ КОДИРОВАННЫХ ДАННЫХ: ТЕКСТОВЫЕ МАТЕРИАЛЫ, МОНОГРАФИЧЕСКИЕ
Кодированные данные о монографическом текстовом документе y z |||||
135 ## - ПОЛЕ КОДИРОВАННЫХ ДАННЫХ: ЭЛЕКТРОННЫЕ РЕСУРСЫ
Кодированные данные для электронного ресурса crcn 024apaba
200 1# - ЗАГЛАВИЕ И СВЕДЕНИЯ ОБ ОТВЕТСТВЕННОСТИ
Основное заглавие Подписание акта о безоговорочной капитуляции германских вооруженных сил. Акт о военной капитуляции
Сведения, относящиеся к заглавию Подписано 8 мая 1945 г. в гор. Берлине
210 ## - ПУБЛИКАЦИЯ, РАСПРОСТРАНЕНИЕ И ДР.
Место издания, распространения и т.д. [Ленинград]
Имя издателя, распространителя и т. д. Полит. упр. Ленингр. фронта
Дата издания, распространения и т.д. [1945, май, 9]
215 ## - ФИЗИЧЕСКАЯ ХАРАКТЕРИСТИКА
Специфическое обозначение материала и объем 1 с.
Размеры 28х18
300 ## - ОБЩИЕ ПРИМЕЧАНИЯ
Текст примечания Подписи: от имени Германского верховного командования Кэйтель, Фридебург, Штумпф в присутствии: по уполномочию Верховного главнокомандования Красной Армии маршала Советского Союза Г. Жукова; по уполномочию Верховного главнокомандующего экспедиционными силами союзников главного маршала авиации Теддера. При подписании также присутствовали в качестве свидетелей: командующий стратегическими воздушными силами США генерал Спаатс; главнокомандующий французской армией генерал Делатр де Тассиньи
337 ## - ПРИМЕЧАНИЕ О СИСТЕМНЫХ ТРЕБОВАНИЯХ (ЭЛЕКТРОННЫЕ РЕСУРСЫ)
Текст примечания Электронная копия доступна в Электронной библиотеке РНБ
517 1# - ДРУГИЕ ВАРИАНТЫ ЗАГЛАВИЯ
Вариант заглавия Акт о военной капитуляции
606 1# - НАИМЕНОВАНИЕ ТЕМЫ КАК ПРЕДМЕТ
Наименование темы Блокада Ленинграда
Формальный подзаголовок Листовки
Хронологический подзаголовок 1941 - 1944
Системный номер авторитетной/нормативной записи 2077679
Идентификатор авторитетной/нормативной записи RU\NLR\AUTH\661253360
686 ## - ИНДЕКСЫ ДРУГИХ КЛАССИФИКАЦИЙ
Индекс Т3(0)626.7,011
686 ## - ИНДЕКСЫ ДРУГИХ КЛАССИФИКАЦИЙ
Индекс Т3(2)722.721,011
702 #1 - ИМЯ ЛИЦА - ВТОРИЧНАЯ ОТВЕТСТВЕННОСТЬ
Код отношения Подписавшее лицо
Графика поля Кириллица
Материалы, к которым относится поле rus
Начальный элемент ввода Кейтель
Часть имени, кроме начального элемента ввода В.
Дополнения к именам, кроме дат фельдмаршал
Даты 1882-1946
Расширение инициалов личного имени Вильгельм
Системный номер авторитетной/нормативной записи 118015
Идентификатор авторитетной/нормативной записи RU\NLR\AUTH\778096
702 #1 - ИМЯ ЛИЦА - ВТОРИЧНАЯ ОТВЕТСТВЕННОСТЬ
Начальный элемент ввода Фридебург
Часть имени, кроме начального элемента ввода Г. Г. фон
Даты 1895-1945
Расширение инициалов личного имени Ганс Георг фон
Код отношения Подписавшее лицо
702 #1 - ИМЯ ЛИЦА - ВТОРИЧНАЯ ОТВЕТСТВЕННОСТЬ
Начальный элемент ввода Штумпф
Часть имени, кроме начального элемента ввода Г. -Ю.
Даты 1889-1968
Расширение инициалов личного имени Ганс-Юрген
Код отношения Подписавшее лицо
702 #1 - ИМЯ ЛИЦА - ВТОРИЧНАЯ ОТВЕТСТВЕННОСТЬ
Код отношения Подписавшее лицо
Графика поля Кириллица
Материалы, к которым относится поле rus
Начальный элемент ввода Жуков
Часть имени, кроме начального элемента ввода Г. К.
Дополнения к именам, кроме дат полководец
Даты 1896-1974
Расширение инициалов личного имени Георгий Константинович
Системный номер авторитетной/нормативной записи 24736
Идентификатор авторитетной/нормативной записи RU\NLR\auth\7741788
702 #1 - ИМЯ ЛИЦА - ВТОРИЧНАЯ ОТВЕТСТВЕННОСТЬ
Начальный элемент ввода Теддер
Часть имени, кроме начального элемента ввода А. У.
Даты 1890-1967
Расширение инициалов личного имени Артур Уильям
Код отношения Подписавшее лицо
702 #1 - ИМЯ ЛИЦА - ВТОРИЧНАЯ ОТВЕТСТВЕННОСТЬ
Начальный элемент ввода Спаатс
Часть имени, кроме начального элемента ввода К. Э.
Даты 1891-1974
Расширение инициалов личного имени Карл Эндрюс
Код отношения Прочие
702 #1 - ИМЯ ЛИЦА - ВТОРИЧНАЯ ОТВЕТСТВЕННОСТЬ
Код отношения Прочие
Начальный элемент ввода Латр де Тассиньи
Часть имени, кроме начального элемента ввода Ж. де
Дополнения к именам, кроме дат маршал
Даты 1889-1952
Расширение инициалов личного имени Жан де
Системный номер авторитетной/нормативной записи 126841
Идентификатор авторитетной/нормативной записи RU\NLR\auth\770126861
712 02 - НАИМЕНОВАНИЕ ОРГАНИЗАЦИИ - ВТОРИЧНАЯ ОТВЕТСТВЕННОСТЬ
Код отношения Прочие
Начальный элемент ввода Ленинградский фронт
Структурное подразделение Политическое управление
Идентифицирующий признак 1941-1945
Системный номер авторитетной/нормативной записи 382139
Идентификатор авторитетной/нормативной записи RU\NLR\AUTH\880357288
801 #0 - ИСТОЧНИК ЗАПИСИ
Страна Российская Федерация
Организация NLR
Дата составления 19720101
Правила каталогизации PSBO
801 #1 - ИСТОЧНИК ЗАПИСИ
Страна Российская Федерация
Организация NLR
Дата составления 20131030
Правила каталогизации RCR
852 ## - МЕСТОНАХОЖДЕНИЕ И ШИФР ХРАНЕНИЯ
Идентификатор организации NLR
Наименование фонда или коллекции (Sub-Location Identifier) Л3-330л
Шифр хранения (Call Number) 3/2-7
856 #0 - МЕСТОНАХОЖДЕНИЕ ЭЛЕКТРОННЫХ РЕСУРОВ И ДОСТУП К НИМ
Универсальный идентификатор ресурса (Uniform Resource Identifier) http://vivaldi.nlr.ru/ll000075306/view
856 #1 - МЕСТОНАХОЖДЕНИЕ ЭЛЕКТРОННЫХ РЕСУРОВ И ДОСТУП К НИМ
Универсальный идентификатор ресурса (Uniform Resource Identifier) http://vivaldi.nlr.ru/ll000075306/cover
856 #2 - МЕСТОНАХОЖДЕНИЕ ЭЛЕКТРОННЫХ РЕСУРОВ И ДОСТУП К НИМ
Универсальный идентификатор ресурса (Uniform Resource Identifier) http://vivaldi.nlr.ru/ll000075306/text
901 ## - ДАННЫЕ ОБ ОБЪЕКТЕ ОЦИФРОВКИ
-- Книжные издания
942 ## - ДОПОЛНИТЕЛЬНЫЕ ЭЛЕМЕНТЫ ЗАПИСИ (АБИС)
Тип экземпляра АБИС Визуальный материал
945 ## - Информацию об издании предоставили:
Полное название организации, предоставившей материал Российская национальная библиотека
980 ## - КОЛЛЕКЦИЯ
Название коллекции Библиография Победы
980 ## - КОЛЛЕКЦИЯ
Название коллекции Национальная библиография
981 37 - КОЛЛЕКЦИЯ ЭЛЕКТРОННОЙ БИБЛИОТЕКИ
Название коллекции Ленинград в Великой Отечественной войне
Название подколлекции Листовки блокадного Ленинграда
981 21 - КОЛЛЕКЦИЯ ЭЛЕКТРОННОЙ БИБЛИОТЕКИ
Название коллекции Листовки
Название подколлекции Листовки блокадного Ленинграда

Нет доступных экземпляров.